Journal of world trade law
Guardado en:
| Formato: | Seriadas |
|---|---|
| Lenguaje: | inglés |
| Publicado: |
Twickenham
Vincent Press
1985
|
| Etiquetas: |
Sin Etiquetas, Sea el primero en etiquetar este registro!
|
MARC
| LEADER | 00000nas2a2200000 4500 | ||
|---|---|---|---|
| 001 | s105243 | ||
| 005 | 20250730114156.2 | ||
| 041 | 0 | |a eng | |
| 044 | |a GB | ||
| 245 | 1 | 0 | |a Journal of world trade law |
| 264 | 1 | |a Twickenham |b Vincent Press |c 1985 | |
| 300 | |a 1 zv. | ||